Clubs de Ligue 2 2024/25 - Statistiques

Statistiques générales
  • Ce quiz a été pris 42 fois
  • Le résultat moyen est 15 sur 18
Statistiques - réponses
Région Club % Correct
Corse Ajaccio
100%
Corse Bastia
97%
Île-de-France Paris FC
95%
Auvergne-Rhône-Alpes Clermont-Ferrand
92%
Bretagne Lorient
92%
Grand Est Metz
92%
Nouvelle-Aquitaine Bordeaux
90%
Normandie Caen
85%
Île-de-France Red Star
85%
Auvergne-Rhône-Alpes Grenoble
82%
Bretagne Guingamp
82%
Occitanie Rodez
77%
Hauts-de-France Amiens
74%
Pays de la Loire Laval
74%
Hauts-de-France Dunkerque
72%
Nouvelle-Aquitaine Pau
69%
Auvergne-Rhône-Alpes Annecy
64%
Provence-Alpes-Côte d'Azur Martigues
62%
Aucun quiz correspondant
Distribution des résultats
% des personnes avec chaque résultat
Percentile par nombre de réponses
Votre historique - résultats
Vous n’avez pas pris ce quiz